000 00547nam a22001937a 4500
003 KOHA_MİRAKIL
005 20251125122705.0
008 251125b tu ||||| |||| 00| 0 tur d
020 _a9789756403144
040 _aTR-AnABB
_btur
_cTR-AnABB
041 _atur
082 _a819.12
_bCAV 2016
100 1 _aÇavuşoğlu, Mehmed,
245 1 0 _aDivanlar arasında /
_cMehmed Çavuşoğlu
260 _aİstanbul :
_bKitabevi Yayınları,
_c2016
300 _a131 sayfa ;
_c20 cm
650 0 0 _aDivan edebiyatı, şiir
942 _2ddc
_cBK
999 _c9631
_d9631
900 _bGizem YORULMAZ